000 00994nas a2200265Ia 4500
001 dg110-48022
003 IT-MiCISF
008 161014c99999999xx |||||||||||| ||und||
040 _aIT-MiCISF
_cIT-MiCISF
041 _aITALIANO
100 _aBiagi Lorenzo
210 _aEtica per le professioni
222 _aEtica per le professioni
245 0 _aProfessioni sociali
250 _a1a ed.
260 _c2009
501 _bCISF - Centro Internazionale Studi Famiglia - Via Giotto, 36 20145 MILANO (non commercial uses only)
_cCopyright 2016
300 _app. 3-76
362 _a n. 3 [2009]
500 _aLorenz W.A., Bertin G., Vecchiato T., Da Re A., Fabrizi L., Ranieri C., Testana S., Nazzaro O., Brunetti M., Rossi P., Palmonari A. Bruttocao P., Battaglia C., Forneris A., Scarpa P.N. Tema: servizi-sociali, operatori-sociali, etica, rapporti-operatori-ut
650 _aservizi alla persona
_vdossier
700 _aAA.VV.
942 _cCR
957 _71
999 _a48022
_bSi
_g1
_c219938
_d219938